Os Eventos do 11 de setembro - Statistics

Estatísticas Gerais
  • Esse quiz foi jogado 81 vezes
  • A pontuação média é 9 de 20
Estatísticas das Respostas
Pergunta Resposta % Correto
Cidades que foram atacadas Nova York
95%
Prédios específicos que foram atacados World Trade Center
95%
Então líder do grupo Osama Bin Laden
94%
Grupo terrorista responsável Al-Qaeda
86%
País que acolheu o grupo terrorista Afeganistão
80%
Cidades que foram atacadas Washington D.C.
80%
Prédios específicos que foram atacados Pentágono
77%
País invadido pelos Estados Unidos em 2003, apesar de não ter quase nada a ver com o 11 de setembro Iraque
73%
País de origem de 15 dos 19 sequestradores Arábia Saudita
68%
Grupo militante islâmico que estava no controle daquele país Talibã
48%
O que o Presidente Bush estava fazendo quando o ataque aconteceu {Lendo} para crianças
42%
Região disputada em que pessoas foram filmadas celebrando o ataque nas ruas Palestina
35%
Número do voo do avião que caiu na Pensilvânia United {93}
17%
"Técnica aprimorada de interrogatório" infame, usada naquela prisão {Afogamento} simulado
8%
Últimas palavras famosas em inglês do passageiro heroico Todd Beamer {Let}'{s} {Roll}
6%
Lei dos EUA aprovada em 2001, que deu às autoridades policiais mais poder para espionar cidadãos dos EUA Ato {Patriota}
5%
Pessoa comumente chamada de o "mentor" do 11 de setembro Khalid Sheikh Mohammed
5%
Prisão em Cuba que muitos terroristas suspeitos foram pegos Baía de Guantánamo
3%
Prefeito que foi eleito Personalidade do Ano pela revista Time em 2001 Rudy Giuliani
3%
Departamento de gabinete dos EUA, que foi criado em resposta aos ataques de 11 de setembro Departamento de {Segurança} {Interna} dos Estados Unidos
2%
Nenhum quiz correspondente encontrado
Distribuição das Pontuações
Porcentagem de Pessoas com Cada Pontuação
Percentil de Números Respondidos
Sua Pontuação Histórica
Você não jogou esse quiz